00723nam a22001937a 450000100090000000300090000900500170001800700090003500800500004402000190009404000220011324501450013526000500028030000380033050000780036850400320044670000270047870000240050500000809DO-SdBNP20180205153845.000000809160609b 2011 nq ab xxu||||| |||| 00| 0 spa d a97899992497913 aBPMSUbspacBPMSU aUn vistazo al pasado...para construir el futuro : bRío San Juanccoordinador general ; Manuel Aburto Cruz ; autor, Carlos Salazar Alfaro. a[Nicaragua] : bFondo Cultural Caruna,c2009. 3128 p. : 6il., mapas ; 824 cm.  aIncluye datos biográficos del autor en la solapa de la contracubierta.  aBibliografía : p. 125-1281 aSalazar Alfaro, Carlos1 aCruz, Manuel Aburto